000 00717nam a22002057a 4500
005 20131011120358.0
010 _aENG-108074
020 _a9780415632898
_c1095.00
035 _aEN-91607
037 _bDBAD/PUB
082 _a338.109545
245 _aAgriculture and a changing environment in Northeastern India /
_cedited by Sumi Krishna
260 _aNew Delhi
_bRoutledge
_c2012
270 _a912 Tolstoy House, 15-17 Tolstoy marg, Connaught Place
_bNew Delhi
_e110001
300 _axiv,420p. :
_c23cm(Hb)
_bill.
490 _a Transition in Northeastern India ; 4
500 _a Includes bibliographical references and index.
700 _aSumi Krishna
942 _2ddc
_cEN
_mAGR
_h338.109545
999 _c77660
_d77660